[Event "Festival Juan Martinez Sola 2018 Liga"]
[Site "Almeria (Spain) ESP"]
[Date "2018.11.03"]
[Round "6"]
[White "Mader, Manuela"]
[Black "Redondo Benavente, Ana"]
[Result "0-1"]
[BlackElo "2055"]
[BlackFideId "32021674"]
[EventDate "2018.11.01"]
[PlyCount "0"]
[WhiteElo "2200"]
[WhiteFideId "24612928"]

1. e4 { [%clk 1:30:57]}  1... e5 { [%clk 1:28:54]}  2. Nf3 { [%clk 1:31:22]} 
2... Nc6 { [%clk 1:29:20]}  3. Bb5 { [%clk 1:31:48]}  3... Nf6 { [%clk
1:29:45]}  4. O-O { [%clk 1:31:26]}  4... Nxe4 { [%clk 1:29:54]}  5. d4 { [%clk
1:31:01]}  5... Nd6 { [%clk 1:30:04]}  6. Bxc6 { [%clk 1:31:24]}  6... dxc6 {
[%clk 1:30:30]}  7. Nxe5 { [%clk 1:30:24]}  7... Be7 { [%clk 1:30:35]}  8. c3 {
[%clk 1:28:01]}  8... O-O { [%clk 1:30:33]}  9. Re1 { [%clk 1:28:07]}  9... Be6
{ [%clk 1:30:47]}  10. Nd2 { [%clk 1:28:10]}  10... Re8 { [%clk 1:29:03]}  11.
Nf1 { [%clk 1:27:10]}  11... Bf6 { [%clk 1:23:44]}  12. Ng3 { [%clk 1:25:29]} 
12... g6 { [%clk 1:23:56]}  13. b3 { [%clk 1:23:02]}  13... Bg7 { [%clk
1:23:13]}  14. Bf4 { [%clk 1:21:30]}  14... a5 { [%clk 1:18:16]}  15. a4 {
[%clk 1:17:42]}  15... f6 { [%clk 1:16:33]}  16. Nd3 { [%clk 1:17:06]}  16...
Bf7 { [%clk 1:16:39]}  17. Rxe8+ { [%clk 1:12:10]}  17... Qxe8 { [%clk
1:16:12]}  18. h4 { [%clk 1:11:05]}  18... b6 { [%clk 1:14:39]}  19. Rb1 {
[%clk 0:55:34]}  19... Qd7 { [%clk 1:11:05]}  20. c4 { [%clk 0:51:46]}  20...
Rd8 { [%clk 1:10:18]}  21. Qf3 { [%clk 0:48:46]}  21... Be6 { [%clk 1:06:08]} 
22. d5 { [%clk 0:30:39]}  22... cxd5 { [%clk 1:05:31]}  23. cxd5 { [%clk
0:31:00]}  23... Bg4 { [%clk 0:58:45]}  24. Qe3 { [%clk 0:30:56]}  24... Nf5 {
[%clk 0:57:58]}  25. Nxf5 { [%clk 0:29:13]}  25... Bxf5 { [%clk 0:56:15]}  26.
Rc1 { [%clk 0:29:20]}  26... Qxd5 { [%clk 0:47:56]}  27. Bxc7 { [%clk 0:29:17]}
 27... Qxd3 { [%clk 0:42:24]}  28. Bxd8 { [%clk 0:29:41]}  28... Qxd8 { [%clk
0:42:53]}  29. Rc6 { [%clk 0:29:44]}  29... h5 { [%clk 0:35:41]}  30. g3 {
[%clk 0:19:04]}  30... Qd1+ { [%clk 0:34:57]}  31. Kh2 { [%clk 0:18:59]}  31...
Bg4 { [%clk 0:26:32]}  32. Rc3 { [%clk 0:12:44]}  32... Qd6 { [%clk 0:24:41]} 
33. Rd3 { [%clk 0:09:34]}  33... Qc5 { [%clk 0:23:56]}  34. Qf4 { [%clk
0:09:46]}  34... Kh7 { [%clk 0:23:08]}  35. Kg1 { [%clk 0:08:10]}  35... Qe5 {
[%clk 0:19:49]}  36. Qc1 { [%clk 0:01:05]}  36... Qe2 { [%clk 0:19:56]}  37.
Rd2 { [%clk 0:01:12]}  37... Qf3 { [%clk 0:20:03]}  38. Kh2 { [%clk 0:00:38]} 
38... Qxb3 { [%clk 0:20:02]}  39. Qc7 { [%clk 0:00:36]}  39... Qb4 { [%clk
0:18:21]}  40. Rd6 { [%clk 0:00:34]}  40... Qc5 { [%clk 0:18:23]}  41. Qxc5
bxc5 42. Ra6 { [%clk 0:00:46]}  42... f5 { [%clk 0:16:50]}  43. Rxa5 { [%clk
0:00:49]}  43... Bd4 { [%clk 0:13:53]}  44. Kg2 { [%clk 0:00:45]}  44... Be2 {
[%clk 0:13:00]}  45. Ra7+ { [%clk 0:00:54]}  45... Kg8 { [%clk 0:13:03]}  46.
a5 { [%clk 0:00:58]}  46... Bb5 { [%clk 0:10:41]}  47. a6 { [%clk 0:00:40]} 
47... c4 { [%clk 0:10:57]}  48. Ra8+ { [%clk 0:00:49]}  48... Kg7 { [%clk
0:11:25]}  49. Rd8 { [%clk 0:00:57]}  49... c3 { [%clk 0:08:06]}  50. f3 {
[%clk 0:00:34]}  50... c2 { [%clk 0:05:42]}  51. Rc8 { [%clk 0:00:51]}  51...
Ba4 { [%clk 0:03:53]}  52. Kf1 { [%clk 0:00:54]}  52... Be3 { [%clk 0:03:59]} 
53. a7 { [%clk 0:00:40]}  53... Bxa7 { [%clk 0:04:23]}  54. Ke2 { [%clk
0:01:02]}  54... Bd4 { [%clk 0:04:20]}  55. Kd2 { [%clk 0:00:41]}  55... Bb2 {
[%clk 0:04:41]}  56. Rxc2 { [%clk 0:00:33]}  56... Bxc2 { [%clk 0:05:08]}  57.
Kxc2 { [%clk 0:00:59]}  57... Be5 { [%clk 0:05:21]}   0-1

[Event "Festival Juan Martinez Sola 2018 Liga"]
[Site "Almeria (Spain) ESP"]
[Date "2018.11.03"]
[Round "6"]
[White "Alvarez Morales, Miguel"]
[Black "Jimenez Fernandez, Rebeca"]
[Result "1-0"]
[BlackElo "1971"]
[BlackFideId "32070934"]
[EventDate "2018.11.01"]
[PlyCount "0"]
[WhiteElo "2003"]
[WhiteFideId "2278154"]

1. e4 g6 2. d4 Bg7 3. c4 d6 4. Nc3 Nf6 5. Be2 O-O 6. Nf3 e5 7. O-O exd4 8. Nxd4
Re8 9. f3 Nc6 10. Be3 Ne5 11. Rc1 c6 12. Nb3 Be6 13. c5 d5 14. Bg5 h6 15. Bxf6
Bxf6 16. exd5 Bxd5 17. Nxd5 Qxd5 18. Qxd5 cxd5 19. Bb5 Re7 20. Rfd1 Rd8 21. Nd4
Nc4 22. Rb1 Nxb2 23. Rxb2 Re1+ 24. Rxe1 Bxd4+ 25. Rf2 Bxc5 26. Kf1 Bxf2 27.
Kxf2  1-0

[Event "Festival Juan Martinez Sola 2018 Liga"]
[Site "Almeria (Spain) ESP"]
[Date "2018.11.04"]
[Round "7"]
[White "Jimenez Fernandez, Rebeca"]
[Black "Mariano-Wagman, Cristine Rose"]
[Result "0-1"]
[BlackElo "1906"]
[BlackFideId "5201071"]
[EventDate "2018.11.01"]
[PlyCount "0"]
[WhiteElo "1917"]
[WhiteFideId "32070934"]

1. e4 d5 2. exd5 Qxd5 3. Nc3 Qa5 4. d4 Nf6 5. Bc4 Bg4 6. f3 Bh5 7. Bd2 c6 8.
Nge2 e6 9. O-O Qc7 10. Bf4 Bd6 11. Bxd6 Qxd6 12. Ng3 Bg6 13. Nge4 Qb4 14. a3
Qe7 15. Nxf6+ Qxf6 16. Ne4 Qf4 17. Qe2 O-O 18. g3 Qc7 19. f4 Nd7 20. Rae1 Rfe8
21. Ng5 Nf6 22. Nf3 Rad8 23. c3 a6 24. b4 Ne4 25. Qe3 f5 26. Ne5 b5 27. Bd3
Nxc3 28. Rc1 Nd5 29. Qf3 Rd6 30. Rc5 Qb6 31. Rfc1 Rc8 32. h4 Be8 33. g4 fxg4
34. Qxg4 Nf6 35. Qh3 Nd7 36. Nf3 Qd8 37. R5c2 Qf6 38. Qg3 Bh5 39. Ng5 Qxd4+ 40.
Kh2 Qxd3 41. Qxd3 Rxd3 42. Rxc6 Re8 43. Rxa6 Nf6 44. Nxe6 Bf7 45. f5 Ng4+ 46.
Kg2 Ne3+ 47. Kf2 Nxf5 48. Nc7 Rd2+ 49. Kg1 Rf8 50. Nxb5 Nxh4 51. Rac6 Nf3+ 52.
Kf1 Be8 53. R6c5 Ra2 54. Rc8 Bxb5+  0-1

[Event "Festival Juan Martinez Sola 2018 Liga"]
[Site "Almeria (Spain) ESP"]
[Date "2018.11.04"]
[Round "7"]
[White "Redondo Benavente, Ana"]
[Black "Alvarez Morales, Miguel"]
[Result "1/2-1/2"]
[BlackElo "2003"]
[BlackFideId "2278154"]
[EventDate "2018.11.04"]
[PlyCount "0"]
[WhiteElo "2055"]
[WhiteFideId "32021674"]

1. e4 { [%clk 1:30:59]}  1... Nf6 { [%clk 1:30:53]}  2. e5 { [%clk 1:31:22]} 
2... Nd5 { [%clk 1:31:22]}  3. d4 { [%clk 1:31:46]}  3... d6 { [%clk 1:31:48]} 
4. c4 { [%clk 1:32:12]}  4... Nb6 { [%clk 1:32:15]}  5. exd6 { [%clk 1:32:36]} 
5... exd6 { [%clk 1:32:41]}  6. Nc3 { [%clk 1:32:53]}  6... Be7 { [%clk
1:33:10]}  7. Bd3 { [%clk 1:32:38]}  7... Nc6 { [%clk 1:33:32]}  8. Nge2 {
[%clk 1:33:03]}  8... Bg4 { [%clk 1:33:24]}  9. f3 { [%clk 1:33:11]}  9... Bh5
{ [%clk 1:33:51]}  10. O-O { [%clk 1:32:52]}  10... O-O { [%clk 1:33:57]}  11.
b3 { [%clk 1:31:07]}  11... Bg5 { [%clk 1:34:07]}  12. Ne4 { [%clk 1:27:12]} 
12... Bxc1 { [%clk 1:33:53]}  13. Rxc1 { [%clk 1:27:24]}  13... Bg6 { [%clk
1:33:30]}  14. Qd2 { [%clk 1:20:14]}  14... d5 { [%clk 1:33:44]}  15. N4g3 {
[%clk 1:20:19]}  15... Bxd3 { [%clk 1:33:43]}  16. Qxd3 { [%clk 1:20:48]} 
16... dxc4 { [%clk 1:33:49]}  17. bxc4 { [%clk 1:21:17]}  17... Qh4 { [%clk
1:31:44]}  18. Qe4 { [%clk 1:15:54]}  18... Qg5 { [%clk 1:30:46]}  19. h4 {
[%clk 1:12:34]}  19... Qa5 { [%clk 1:30:49]}  20. c5 { [%clk 1:10:50]}  20...
Rae8 { [%clk 1:28:43]}  21. Qf5 { [%clk 1:03:04]}  21... Ne7 { [%clk 1:24:01]} 
22. Qd3 { [%clk 0:59:23]}  22... Nbd5 { [%clk 1:24:29]}  23. Nc3 { [%clk
0:45:41]}  23... Nxc3 { [%clk 1:23:37]}  24. Rxc3 { [%clk 0:46:10]}  24... Qxa2
{ [%clk 1:21:59]}  25. Ra3 { [%clk 0:45:02]}  25... Qd5 { [%clk 1:22:01]}  26.
Rxa7 { [%clk 0:42:49]}  26... Nc6 { [%clk 1:22:29]}  27. Ra4 { [%clk 0:42:11]} 
27... Ra8 { [%clk 1:20:00]}  28. Rxa8 { [%clk 0:41:44]}  28... Rxa8 { [%clk
1:20:28]}  29. Rd1 { [%clk 0:42:10]}  29... Re8 { [%clk 1:20:07]}  30. Ne4 {
[%clk 0:40:23]}  30... Qh5 { [%clk 1:17:08]}  31. d5 { [%clk 0:35:11]}  31...
Ne5 { [%clk 1:12:41]}  32. Qb3 { [%clk 0:33:14]}  32... Ng6 { [%clk 1:07:47]} 
33. Re1 { [%clk 0:28:24]}  33... Rd8 { [%clk 1:06:23]}  34. Qxb7 { [%clk
0:24:31]}  34... Qxh4 { [%clk 1:05:52]}  35. g3 { [%clk 0:24:20]}  35... Qh5 {
[%clk 1:05:47]}  36. d6 { [%clk 0:22:06]}  36... cxd6 { [%clk 1:05:19]}  37. c6
{ [%clk 0:17:32]}  37... Qf5 { [%clk 1:04:31]}  38. c7 { [%clk 0:17:10]}  38...
Rf8 { [%clk 1:04:49]}  39. Rc1 { [%clk 0:16:33]}  39... Ne7 { [%clk 1:04:45]} 
40. Nxd6 { [%clk 0:16:50]}  40... Qg5 { [%clk 1:04:21]}  41. Rd1 { [%clk
0:13:21]}  41... Qxg3+ { [%clk 1:04:13]}  42. Kf1 { [%clk 0:12:34]}  42... Qh3+
{ [%clk 1:04:27]}  43. Kg1 { [%clk 0:11:43]}  43... Qg3+ { [%clk 1:03:15]}  44.
Kf1 { [%clk 0:09:54]}  44... Qh3+ { [%clk 1:03:27]}  45. Kg1 { [%clk 0:08:49]} 
45... Qg3+ { [%clk 1:01:28]}  46. Kf1 Qh3+ 47. Kf2 Qh2+ 48. Kf1 Qh3+  1/2-1/2

[Event "Festival Juan Martinez Sola 2018 Liga"]
[Site "Almeria (Spain) ESP"]
[Date "2018.11.04"]
[Round "7"]
[White "Lach, Aleksandra"]
[Black "Mader, Manuela"]
[Result "0-1"]
[BlackElo "2200"]
[BlackFideId "24612928"]
[EventDate "2018.11.01"]
[PlyCount "0"]
[WhiteElo "2209"]
[WhiteFideId "1134299"]

1. c4 { [%clk 1:30:11]}  1... Nf6 { [%clk 1:30:51]}  2. Nc3 { [%clk 1:30:27]} 
2... g6 { [%clk 1:30:53]}  3. d4 { [%clk 1:30:20]}  3... Bg7 { [%clk 1:31:19]} 
4. Nf3 { [%clk 1:30:42]}  4... d6 { [%clk 1:31:41]}  5. Bf4 { [%clk 1:30:16]} 
5... O-O { [%clk 1:30:39]}  6. h3 { [%clk 1:28:53]}  6... Nfd7 { [%clk
1:29:38]}  7. e3 { [%clk 1:27:23]}  7... h6 { [%clk 1:28:13]}  8. Be2 { [%clk
1:21:13]}  8... e5 { [%clk 1:24:49]}  9. Bh2 { [%clk 1:21:24]}  9... Nc6 {
[%clk 1:24:37]}  10. Rc1 { [%clk 1:13:57]}  10... Kh7 { [%clk 1:17:16]}  11. d5
{ [%clk 1:06:33]}  11... Ne7 { [%clk 1:17:27]}  12. b4 { [%clk 1:06:48]}  12...
f5 { [%clk 1:13:05]}  13. g4 { [%clk 1:02:08]}  13... a5 { [%clk 1:07:03]}  14.
a3 { [%clk 1:01:42]}  14... axb4 { [%clk 1:07:15]}  15. axb4 { [%clk 1:02:11]} 
15... Nf6 { [%clk 0:42:52]}  16. g5 { [%clk 0:47:33]}  16... Ne4 { [%clk
0:42:54]}  17. Nxe4 { [%clk 0:47:45]}  17... fxe4 { [%clk 0:43:20]}  18. Nd2 {
[%clk 0:48:08]}  18... Bf5 { [%clk 0:33:58]}  19. h4 { [%clk 0:43:24]}  19...
c6 { [%clk 0:33:16]}  20. Qb3 { [%clk 0:38:03]}  20... Qc8 { [%clk 0:29:51]} 
21. Qb1 { [%clk 0:31:21]}  21... cxd5 { [%clk 0:21:45]}  22. cxd5 { [%clk
0:31:29]}  22... Qd7 { [%clk 0:21:55]}  23. Nxe4 { [%clk 0:21:55]}  23... Nxd5
{ [%clk 0:19:44]}  24. Bd3 { [%clk 0:21:50]}  24... Qa4 { [%clk 0:14:59]}  25.
gxh6 { [%clk 0:16:07]}  25... Kxh6 { [%clk 0:13:23]}  26. Nd2 { [%clk 0:07:07]}
 26... Bxd3 { [%clk 0:09:50]}  27. Qxd3 { [%clk 0:07:36]}  27... Nxb4 { [%clk
0:10:04]}  28. Qb1 { [%clk 0:07:24]}  28... Qb5 { [%clk 0:08:56]}  29. Nc4 {
[%clk 0:01:34]}  29... d5 { [%clk 0:05:58]}  30. Bxe5 { [%clk 0:00:50]}  30...
dxc4 { [%clk 0:05:54]}  31. Bxg7+ { [%clk 0:01:19]}  31... Kxg7 { [%clk
0:06:18]}  32. O-O { [%clk 0:01:42]}  32... Qc5 { [%clk 0:02:32]}  33. Qb2+ {
[%clk 0:01:40]}  33... Kh7 { [%clk 0:02:57]}  34. Rb1 { [%clk 0:02:05]}  34...
Ra4 { [%clk 0:02:43]}  35. Qd2 { [%clk 0:01:54]}  35... Qe7 { [%clk 0:01:40]} 
36. f4 { [%clk 0:01:03]}  36... Ra2 { [%clk 0:01:15]}  37. Qe1 { [%clk
0:00:44]}  37... Qe4 { [%clk 0:00:38]}  38. Qg3 { [%clk 0:00:52]}  38... c3 {
[%clk 0:00:41]}  39. Rbd1 { [%clk 0:00:38]}  39... Nd5 { [%clk 0:00:50]}   0-1

[Event "Festival Juan Martinez Sola 2018 Liga"]
[Site "Almeria (Spain) ESP"]
[Date "2018.11.04"]
[Round "7"]
[White "Vardi, Shlomit"]
[Black "Frej, Zofia"]
[Result "1/2-1/2"]
[BlackElo "1964"]
[BlackFideId "1172670"]
[EventDate "2018.11.01"]
[PlyCount "0"]
[WhiteElo "1904"]
[WhiteFideId "2801442"]

1. e4 c5 2. Nc3 e6 3. Nge2 d5 4. d3 Nc6 5. g3 d4 6. Nb1 g6 7. Bg2 Bg7 8. Nd2
Nge7 9. O-O O-O 10. a4 Rb8 11. Nc4 b6 12. Bf4 e5 13. Bd2 a6 14. f4 b5 15. axb5
axb5 16. Nxe5 Nxe5 17. fxe5 Nc6 18. Nf4 Nxe5 19. Ba5 Qg5 20. Bd2 Bg4 21. Qe1
Qd8 22. h3 Be6 23. Nxe6 fxe6 24. Rxf8+ Qxf8 25. Bf4 Ra8 26. Ra5 Qe8 27. Qa1
Rxa5 28. Qxa5 Nf7 29. h4 e5 30. Bd2 Qd7 31. Kh2 Bf6 32. Qa6 Kg7 33. Bh3 Qe8 34.
Qb7 b4 35. Qc7 Qe7 36. Qxe7 Bxe7 37. Be6 Nd6 38. Bd5 Nc8 39. Kh3 Nb6 40. Be6
Na4 41. Bc1 Bf6 42. Kg4 h6 43. Bb3 Nb6 44. Be6 Kh7 45. Bd2 Na4 46. Bc1 h5+ 47.
Kf3 Bg7 48. Bb3 Nb6 49. Bg5  1/2-1/2

[Event "Festival Juan Martinez Sola 2018 Liga"]
[Site "Almeria (Spain) ESP"]
[Date "2018.11.04"]
[Round "7"]
[White "Represa Perez, Mireya"]
[Black "Garcia Porlan, Beatriz"]
[Result "1/2-1/2"]
[BlackElo "2076"]
[BlackFideId "2244500"]
[EventDate "2018.11.01"]
[PlyCount "0"]
[WhiteElo "2173"]
[WhiteFideId "32010036"]

1. e4 { [%clk 1:30:49]}  1... e6 { [%clk 1:30:53]}  2. d4 { [%clk 1:30:53]} 
2... d5 { [%clk 1:31:18]}  3. Nd2 { [%clk 1:31:14]}  3... a6 { [%clk 1:31:43]} 
4. Ngf3 { [%clk 1:26:36]}  4... c5 { [%clk 1:31:45]}  5. exd5 { [%clk 1:25:38]}
 5... exd5 { [%clk 1:32:07]}  6. dxc5 { [%clk 1:21:50]}  6... Bxc5 { [%clk
1:32:28]}  7. Nb3 { [%clk 1:21:30]}  7... Ba7 { [%clk 1:22:15]}  8. Bd3 { [%clk
1:17:40]}  8... Ne7 { [%clk 1:20:44]}  9. O-O { [%clk 1:16:08]}  9... Qd6 {
[%clk 1:17:01]}  10. c3 { [%clk 1:04:09]}  10... O-O { [%clk 1:16:28]}  11. Re1
{ [%clk 1:02:58]}  11... Nbc6 { [%clk 1:15:01]}  12. Be3 { [%clk 0:55:08]} 
12... b5 { [%clk 0:47:40]}  13. Qc2 { [%clk 0:47:37]}  13... h6 { [%clk
0:46:02]}  14. Bxa7 { [%clk 0:44:54]}  14... Rxa7 { [%clk 0:46:22]}  15. a3 {
[%clk 0:45:01]}  15... Rc7 { [%clk 0:38:53]}  16. Qd2 { [%clk 0:44:32]}  16...
Bg4 { [%clk 0:37:41]}  17. Nfd4 { [%clk 0:41:57]}  17... Nxd4 { [%clk 0:27:07]}
 18. Nxd4 { [%clk 0:42:14]}  18... Nc6 { [%clk 0:27:13]}  19. Bxb5 { [%clk
0:36:52]}  19... Nxd4 { [%clk 0:26:55]}  20. Qxd4 { [%clk 0:36:46]}  20... axb5
{ [%clk 0:27:20]}  21. Qxg4 { [%clk 0:37:06]}  21... Rc4 { [%clk 0:27:43]}  22.
Qe2 { [%clk 0:35:46]}  22... Qc6 { [%clk 0:26:48]}  23. Rad1 { [%clk 0:30:12]} 
23... Rd8 { [%clk 0:24:07]}  24. Qf3 { [%clk 0:28:25]}  24... Qd6 { [%clk
0:22:32]}  25. h3 { [%clk 0:25:15]}  25... Rf4 { [%clk 0:20:56]}  26. Qe3 {
[%clk 0:22:34]}  26... Rc4 { [%clk 0:14:51]}  27. Qe7 { [%clk 0:20:57]}  27...
d4 { [%clk 0:10:24]}  28. Qxd6 { [%clk 0:17:06]}  28... Rxd6 { [%clk 0:10:52]} 
29. Rd3 { [%clk 0:13:56]}  29... Rdc6 { [%clk 0:07:04]}  30. Rxd4 { [%clk
0:11:11]}  30... Rxd4 { [%clk 0:07:29]}  31. cxd4 { [%clk 0:11:36]}  31... Rc2
{ [%clk 0:07:07]}  32. b4 { [%clk 0:10:37]}  32... Ra2 { [%clk 0:04:52]}  33.
Re5 { [%clk 0:08:54]}  33... Rxa3 { [%clk 0:05:13]}  34. Rxb5 { [%clk 0:09:20]}
 34... Kf8 { [%clk 0:04:52]}  35. h4 { [%clk 0:06:52]}  35... Ke7 { [%clk
0:04:40]}  36. Rb7+ { [%clk 0:06:09]}  36... Kf6 { [%clk 0:03:11]}  37. Rb6+ {
[%clk 0:01:01]}  37... Ke7 { [%clk 0:02:41]}  38. d5 { [%clk 0:01:22]}  38...
Rd3 { [%clk 0:03:02]}  39. d6+ { [%clk 0:00:54]}  39... Rxd6 { [%clk 0:03:09]} 
40. Rxd6 Kxd6 { [%clk 0:03:37]}  41. Kf1 { [%clk 0:01:10]}  41... Kd5 42. Ke2
Kc4 { [%clk 0:02:55]}  43. Ke3 { [%clk 0:02:09]}  43... Kxb4 { [%clk 0:03:00]} 
44. Kd4 { [%clk 0:02:38]}  44... Kb3 { [%clk 0:00:46]}  45. Ke5 { [%clk
0:02:55]}  45... Kc3 { [%clk 0:00:57]}  46. g4 { [%clk 0:00:55]}  46... Kd3 {
[%clk 0:00:46]}  47. h5 { [%clk 0:00:47]}  47... Ke2 { [%clk 0:00:33]}  48. f4
{ [%clk 0:01:12]}  48... f6+ { [%clk 0:00:31]}  49. Kf5 { [%clk 0:01:09]} 
49... Kf3 { [%clk 0:00:54]}  50. Kg6 { [%clk 0:00:44]}  50... Kxg4 { [%clk
0:00:40]}  51. Kxg7 { [%clk 0:00:51]}  51... Kxh5 { [%clk 0:00:40]}  52. Kxf6 {
[%clk 0:01:19]}  52... Kg4 { [%clk 0:01:04]}  53. f5 { [%clk 0:01:43]}  53...
h5 { [%clk 0:01:27]}  54. Kg6 { [%clk 0:00:37]}  54... h4 { [%clk 0:01:47]} 
55. f6 { [%clk 0:01:02]}  55... h3 { [%clk 0:01:56]}  56. f7 { [%clk 0:01:29]} 
56... h2 { [%clk 0:02:22]}  57. f8=Q { [%clk 0:01:54]}  57... h1=Q { [%clk
0:02:32]}  58. Qf5+ { [%clk 0:02:05]}  58... Kg3 { [%clk 0:02:54]}  59. Qg5+ {
[%clk 0:01:54]}  59... Kf2 { [%clk 0:02:35]}  60. Qd2+ { [%clk 0:01:58]}  60...
Kf1 { [%clk 0:02:30]}  61. Qd1+  1/2-1/2

[Event "Festival Juan Martinez Sola 2018 Liga"]
[Site "Almeria (Spain) ESP"]
[Date "2018.11.04"]
[Round "8"]
[White "Mariano-Wagman, Cristine Rose"]
[Black "Garcia Porlan, Beatriz"]
[Result "0-1"]
[BlackElo "2076"]
[BlackFideId "2244500"]
[EventDate "2018.11.01"]
[PlyCount "0"]
[WhiteElo "1906"]
[WhiteFideId "5201071"]

1. e4 e5 2. Nf3 Nc6 3. Bb5 a6 4. Ba4 Nf6 5. O-O Be7 6. Re1 b5 7. Bb3 d6 8. h3
Na5 9. c3 Nxb3 10. axb3 O-O 11. d3 Ne8 12. d4 exd4 13. Nxd4 Bd7 14. f4 c5 15.
Nf3 Bc6 16. c4 f5 17. Nc3 fxe4 18. Nxe4 Nc7 19. Qc2 d5 20. Ne5 Bb7 21. Rd1 d4
22. cxb5 d3 23. Qc4+ Bd5 24. Nc6 Bxc4 25. Nxd8 Bxb3 26. Rxd3 Bc2 27. Rd7 Bxd8
28. Nxc5 Bf5 29. Rd1 axb5 30. Rxa8 Nxa8 31. g4 Bb6 32. Be3 Bc8 33. b4 Rd8 34.
Rc1 Nc7 35. Kf1 Na6 36. Rb1 Rd5 37. Kf2 Nxc5 38. bxc5 Bxc5 39. Bxc5 Rxc5  0-1